Uusi Päivä "Kuka sanoi?" - Statistics

Yleistilastot
  • Tätä visaa on pelattu 65 kertaa
  • Keskiarvotulos 154 / 180
Vastaustilastot
Kysymys Laatta Select % Oikein
"Ota laku" Jani Ei
95%
"Ota laku" Minna Ei
95%
"Javisst, teillähän on se vankka skinkatradition" Asko Ei
94%
"No, sanotaanko näin, että meitä on aika moneen junaan. Et jos sinä meet pendolinolla, niin Lauri tulee resiinalla perässä" Elina Ei
94%
"Javisst, teillähän on se vankka skinkatradition" Elina Ei
94%
"Ota laku" Ensio Ei
94%
"No, sanotaanko näin, että meitä on aika moneen junaan. Et jos sinä meet pendolinolla, niin Lauri tulee resiinalla perässä" Ensio Ei
94%
"No, sanotaanko näin, että meitä on aika moneen junaan. Et jos sinä meet pendolinolla, niin Lauri tulee resiinalla perässä" Krista Ei
94%
"Poika, sun takapihalta alkaa taivas" Lauri Ei
94%
"Ota laku" Lissu Ei
94%
"Nähdään, Lauriboy" Lissu Ei
94%
"Javisst, teillähän on se vankka skinkatradition" Lissu Ei
94%
"Poika, sun takapihalta alkaa taivas" Maija Ei
94%
"Vitsi toi Krista on kyl kiva" Marika Ei
94%
"Poika, sun takapihalta alkaa taivas" Minna Ei
94%
"Javisst, teillähän on se vankka skinkatradition" Minna Ei
94%
"Ota laku" Otso Ei
94%
"Javisst, teillähän on se vankka skinkatradition" Otso Ei
94%
"Ehkä sinun olis pitäny ruveta kätilöks eikä insinööriks!" Otso Ei
94%
"Ehkä sinun olis pitäny ruveta kätilöks eikä insinööriks!" Peetu Ei
94%
"Javisst, teillähän on se vankka skinkatradition" Pentti Ei
94%
"Tää nyt on vaan tämmönen seminaarijakku" Petra Ei
94%
"Nähdään, Lauriboy" Reino Ei
94%
"Nähdään, Lauriboy" Sakari Ei
94%
"Ehkä sinun olis pitäny ruveta kätilöks eikä insinööriks!" Sakari Ei
94%
"Nähdään, Lauriboy" Sonja Ei
94%
"Ota laku" Tomi Ei
94%
"Vitsi toi Krista on kyl kiva" Tuija Ei
94%
"Poika, sun takapihalta alkaa taivas" Aino Ei
92%
"Palauta mamman rahat tai mä jätän sut" Aleksi Ei
92%
"Sä et tiiä miten raskasta on ku kaikki aina rakastuu muhun" Aleksi Ei
92%
"Poliisin pitää tutkia kaikki mahdolliset rinnat. Siis mahdollisuudet" Anni Ei
92%
"Poika, sun takapihalta alkaa taivas" Asko Ei
92%
"Palauta mamman rahat tai mä jätän sut" Asko Ei
92%
"Mä rakastan esiintymistä, esiintyminen on mulle vähän kun toinen luonto. Mä hoidan kaikki roolit aina ammattimaisesti ja vakuuttavasti. Mä oon paras!" Cicca Ei
92%
"Vitsi toi Krista on kyl kiva" Cicca Ei
92%
"Nähdään, Lauriboy" Elina Ei
92%
"Palauta mamman rahat tai mä jätän sut" Enio Ei
92%
"Ehkä sinun olis pitäny ruveta kätilöks eikä insinööriks!" Ensio Ei
92%
"Mä rakastan esiintymistä, esiintyminen on mulle vähän kun toinen luonto. Mä hoidan kaikki roolit aina ammattimaisesti ja vakuuttavasti. Mä oon paras!" Eppu Ei
92%
"Poliisin pitää tutkia kaikki mahdolliset rinnat. Siis mahdollisuudet" Iris Ei
92%
"Mä rakastan esiintymistä, esiintyminen on mulle vähän kun toinen luonto. Mä hoidan kaikki roolit aina ammattimaisesti ja vakuuttavasti. Mä oon paras!" Jani Ei
92%
"Voi peeveli! Peevelin peeveli! Sakramenttu! Voi mullisaukonpojat!" Jani Ei
92%
"Voi peeveli! Peevelin peeveli! Sakramenttu! Voi mullisaukonpojat!" Karri Ei
92%
"Vitsi toi Krista on kyl kiva" Karri Ei
92%
"Ota laku" Krista Ei
92%
"Mä rakastan esiintymistä, esiintyminen on mulle vähän kun toinen luonto. Mä hoidan kaikki roolit aina ammattimaisesti ja vakuuttavasti. Mä oon paras!" Krista Ei
92%
"Poliisin pitää tutkia kaikki mahdolliset rinnat. Siis mahdollisuudet" Krista Ei
92%
"Sä et tiiä miten raskasta on ku kaikki aina rakastuu muhun" Krista Ei
92%
"Javisst, teillähän on se vankka skinkatradition" Kukko Ei
92%
"Palauta mamman rahat tai mä jätän sut" Lauri Ei
92%
"Sä et tiiä miten raskasta on ku kaikki aina rakastuu muhun" Lauri Ei
92%
"Tää nyt on vaan tämmönen seminaarijakku" Lissu Ei
92%
"Tää nyt on vaan tämmönen seminaarijakku" Marika Ei
92%
"Palauta mamman rahat tai mä jätän sut" Minna Ei
92%
"Tää nyt on vaan tämmönen seminaarijakku" Mirja Ei
92%
"Voi peeveli! Peevelin peeveli! Sakramenttu! Voi mullisaukonpojat!" Otso Ei
92%
"No, sanotaanko näin, että meitä on aika moneen junaan. Et jos sinä meet pendolinolla, niin Lauri tulee resiinalla perässä" Pentti Ei
92%
"Poika, sun takapihalta alkaa taivas" Pentti Ei
92%
"No, sanotaanko näin, että meitä on aika moneen junaan. Et jos sinä meet pendolinolla, niin Lauri tulee resiinalla perässä" Petra Ei
92%
"Voi peeveli! Peevelin peeveli! Sakramenttu! Voi mullisaukonpojat!" Roni Ei
92%
"Poliisin pitää tutkia kaikki mahdolliset rinnat. Siis mahdollisuudet" Roni Ei
92%
"Tää nyt on vaan tämmönen seminaarijakku" Sara Ei
92%
"Tää nyt on vaan tämmönen seminaarijakku" Sonja Ei
92%
"Poliisin pitää tutkia kaikki mahdolliset rinnat. Siis mahdollisuudet" Sonja Ei
92%
"Vitsi toi Krista on kyl kiva" Sonja Ei
92%
"Poika, sun takapihalta alkaa taivas" Tero Ei
92%
"Voi peeveli! Peevelin peeveli! Sakramenttu! Voi mullisaukonpojat!" Tomi Ei
92%
"Sä et tiiä miten raskasta on ku kaikki aina rakastuu muhun" Tuija Ei
92%
"Mä rakastan esiintymistä, esiintyminen on mulle vähän kun toinen luonto. Mä hoidan kaikki roolit aina ammattimaisesti ja vakuuttavasti. Mä oon paras!" Vilma Ei
92%
"Ja sitten mulla on salasuhde ton lääkäri Paltamon kanssa. Aateltiin karata ja muuttaa Keravalle" Emmi Ei
90%
"Vitsi toi Krista on kyl kiva" Emmi Ei
90%
"Voi peeveli! Peevelin peeveli! Sakramenttu! Voi mullisaukonpojat!" Ensio Ei
90%
"Olkaa nyt jumalauta hiljaa!" Karri Ei
90%
"Ja sitten mulla on salasuhde ton lääkäri Paltamon kanssa. Aateltiin karata ja muuttaa Keravalle" Krista Ei
90%
"No, sanotaanko näin, että meitä on aika moneen junaan. Et jos sinä meet pendolinolla, niin Lauri tulee resiinalla perässä" Lissu Ei
90%
"Nähdään, Lauriboy" Lissu Ei
90%
"Ja sitten mulla on salasuhde ton lääkäri Paltamon kanssa. Aateltiin karata ja muuttaa Keravalle" Marika Ei
90%
"Olkaa nyt jumalauta hiljaa!" Minna Ei
90%
"Palauta mamman rahat tai mä jätän sut" Osku Ei
90%
"Voi peeveli! Peevelin peeveli! Sakramenttu! Voi mullisaukonpojat!" Pentti Ei
90%
"Vitsi toi Krista on kyl kiva" Reino Ei
90%
"Nähdään, Lauriboy" Sara Ei
90%
"Ehkä sinun olis pitäny ruveta kätilöks eikä insinööriks!" Sara Ei
90%
"Ehkä sinun olis pitäny ruveta kätilöks eikä insinööriks!" Tero Ei
90%
"Poliisin pitää tutkia kaikki mahdolliset rinnat. Siis mahdollisuudet" Tomi Ei
90%
"Suu kiinni ja ole kaunis" Tuija Ei
90%
"Ja sitten mulla on salasuhde ton lääkäri Paltamon kanssa. Aateltiin karata ja muuttaa Keravalle" Vilma Ei
90%
"Palauta mamman rahat tai mä jätän sut" Vilma Ei
90%
"Sä et tiiä miten raskasta on ku kaikki aina rakastuu muhun" Vilma Ei
90%
"Oisko tauno palon täytetty liskovasara?" Aapo Ei
89%
"Olkaa nyt jumalauta hiljaa!" Asko Ei
89%
"Mä syön hatullisen paskaa jos tää nyt kaatuu" Elina Ei
89%
"Oisko tauno palon täytetty liskovasara?" Emmi Ei
89%
"Oisko tauno palon täytetty liskovasara?" Iris Ei
89%
"Voi peeveli! Peevelin peeveli! Sakramenttu! Voi mullisaukonpojat!" Jukka (Hiltunen) Ei
89%
"Oisko tauno palon täytetty liskovasara?" Krista Ei
89%
"Poliisin pitää tutkia kaikki mahdolliset rinnat. Siis mahdollisuudet" Lauri Ei
89%
"Mä syön hatullisen paskaa jos tää nyt kaatuu" Minna Ei
89%
"Olkaa nyt jumalauta hiljaa!" Niklas Ei
89%
"Mä en astu jalallanikaan sinne muumitaloon" Petra Ei
89%
"Mä syön hatullisen paskaa jos tää nyt kaatuu" Terhi Ei
89%
"Olkaa nyt jumalauta hiljaa!" Tero Ei
89%
"Oisko tauno palon täytetty liskovasara?" Tuija Ei
89%
"Mä en astu jalallanikaan sinne muumitaloon" Aapo Ei
87%
"Ja sitten mulla on salasuhde ton lääkäri Paltamon kanssa. Aateltiin karata ja muuttaa Keravalle" Aino Ei
87%
"Ehkä sinun olis pitäny ruveta kätilöks eikä insinööriks!" Aleksi Ei
87%
"Ehkä sinun olis pitäny ruveta kätilöks eikä insinööriks!" Asko Ei
87%
"Olkaa nyt jumalauta hiljaa!" Elina Ei
87%
"Mä rakastan esiintymistä, esiintyminen on mulle vähän kun toinen luonto. Mä hoidan kaikki roolit aina ammattimaisesti ja vakuuttavasti. Mä oon paras!" Iris Ei
87%
"Oisko tauno palon täytetty liskovasara?" Karri Ei
87%
"Ota laku" Kukko Ei
87%
"Ja sitten mulla on salasuhde ton lääkäri Paltamon kanssa. Aateltiin karata ja muuttaa Keravalle" Lissu Ei
87%
"Mä syön hatullisen paskaa jos tää nyt kaatuu" Marika Ei
87%
"Mä rakastan esiintymistä, esiintyminen on mulle vähän kun toinen luonto. Mä hoidan kaikki roolit aina ammattimaisesti ja vakuuttavasti. Mä oon paras!" Nanna Ei
87%
"Mä en astu jalallanikaan sinne muumitaloon" Niklas Ei
87%
"Poika, sun takapihalta alkaa taivas" Otso Ei
87%
"Mä syön hatullisen paskaa jos tää nyt kaatuu" Reino Ei
87%
"Olkaa nyt jumalauta hiljaa!" Sakari Ei
87%
"Suu kiinni ja ole kaunis" Terhi Ei
87%
"Suu kiinni ja ole kaunis" Tero Ei
87%
"Sä et tiiä miten raskasta on ku kaikki aina rakastuu muhun" Tomi Ei
87%
"Mä en astu jalallanikaan sinne muumitaloon" Tuija Ei
87%
"Mä en astu jalallanikaan sinne muumitaloon" Aleksi Ei
85%
"Voi peeveli! Peevelin peeveli! Sakramenttu! Voi mullisaukonpojat!" Asko Kyllä
85%
"Sä et tiiä miten raskasta on ku kaikki aina rakastuu muhun" Karri Ei
85%
"Late, mikä on pitkäkiekko?" Reino Ei
85%
"Vitsi toi Krista on kyl kiva" Vilma Ei
85%
"Tää nyt on vaan tämmönen seminaarijakku" Elina Ei
84%
"Late, mikä on pitkäkiekko?" Elina Ei
84%
"Javisst, teillähän on se vankka skinkatradition" Ensio Ei
84%
"Suu kiinni ja ole kaunis" Iris Ei
84%
"Tää nyt on vaan tämmönen seminaarijakku" Krista Ei
84%
"No, sanotaanko näin, että meitä on aika moneen junaan. Et jos sinä meet pendolinolla, niin Lauri tulee resiinalla perässä" Niklas Ei
84%
"Late, mikä on pitkäkiekko?" Pentti Ei
84%
"Ja sitten mulla on salasuhde ton lääkäri Paltamon kanssa. Aateltiin karata ja muuttaa Keravalle" Sara Ei
84%
"Javisst, teillähän on se vankka skinkatradition" Aino Kyllä
82%
"Mä rakastan esiintymistä, esiintyminen on mulle vähän kun toinen luonto. Mä hoidan kaikki roolit aina ammattimaisesti ja vakuuttavasti. Mä oon paras!" Karri Ei
82%
"Late, mikä on pitkäkiekko?" Otso Ei
82%
"Poika, sun takapihalta alkaa taivas" Ensio Kyllä
81%
"Late, mikä on pitkäkiekko?" Lissu Ei
81%
"Ja sitten mulla on salasuhde ton lääkäri Paltamon kanssa. Aateltiin karata ja muuttaa Keravalle" Minna Ei
81%
"Nähdään, Lauriboy" Mirkku Ei
81%
"Suu kiinni ja ole kaunis" Niklas Ei
81%
"Mä syön hatullisen paskaa jos tää nyt kaatuu" Niklas Ei
81%
"Late, mikä on pitkäkiekko?" Peetu Ei
81%
"Oisko tauno palon täytetty liskovasara?" Roni Ei
81%
"Late, mikä on pitkäkiekko?" Sonja Ei
81%
"Mä syön hatullisen paskaa jos tää nyt kaatuu" Tomi Ei
81%
"Mä en astu jalallanikaan sinne muumitaloon" Jimi Ei
79%
"Suu kiinni ja ole kaunis" Karri Ei
79%
"Mä en astu jalallanikaan sinne muumitaloon" Karri Ei
79%
"Suu kiinni ja ole kaunis" Krista Ei
79%
"Late, mikä on pitkäkiekko?" Sakari Ei
79%
"Sä et tiiä miten raskasta on ku kaikki aina rakastuu muhun" Emmi Ei
77%
"Mä syön hatullisen paskaa jos tää nyt kaatuu" Karri Ei
77%
"Ota laku" Tero Kyllä
77%
"Mä rakastan esiintymistä, esiintyminen on mulle vähän kun toinen luonto. Mä hoidan kaikki roolit aina ammattimaisesti ja vakuuttavasti. Mä oon paras!" Emmi Kyllä
76%
"Nähdään, Lauriboy" Irmeli Kyllä
76%
"No, sanotaanko näin, että meitä on aika moneen junaan. Et jos sinä meet pendolinolla, niin Lauri tulee resiinalla perässä" Otso Ei
76%
"Vitsi toi Krista on kyl kiva" Terhi Kyllä
74%
"Suu kiinni ja ole kaunis" Emmi Ei
73%
"Mä en astu jalallanikaan sinne muumitaloon" Marika Ei
73%
"Ehkä sinun olis pitäny ruveta kätilöks eikä insinööriks!" Pentti Kyllä
73%
"Oisko tauno palon täytetty liskovasara?" Osku Ei
71%
"Ja sitten mulla on salasuhde ton lääkäri Paltamon kanssa. Aateltiin karata ja muuttaa Keravalle" Elina Kyllä
69%
"Sä et tiiä miten raskasta on ku kaikki aina rakastuu muhun" Iris Kyllä
69%
"Olkaa nyt jumalauta hiljaa!" Pentti Ei
69%
"Tää nyt on vaan tämmönen seminaarijakku" Minna Kyllä
68%
"Late, mikä on pitkäkiekko?" Krista Kyllä
66%
"Oisko tauno palon täytetty liskovasara?" Eppu Kyllä
61%
"Olkaa nyt jumalauta hiljaa!" Aleksi Kyllä
60%
"Palauta mamman rahat tai mä jätän sut" Elina Ei
60%
"No, sanotaanko näin, että meitä on aika moneen junaan. Et jos sinä meet pendolinolla, niin Lauri tulee resiinalla perässä" Tero Kyllä
60%
"Poliisin pitää tutkia kaikki mahdolliset rinnat. Siis mahdollisuudet" Joonas Ei
58%
"Mä syön hatullisen paskaa jos tää nyt kaatuu" Tero Kyllä
58%
"Palauta mamman rahat tai mä jätän sut" Tuija Kyllä
56%
"Poliisin pitää tutkia kaikki mahdolliset rinnat. Siis mahdollisuudet" Reino Kyllä
53%
"Mä en astu jalallanikaan sinne muumitaloon" Iris Kyllä
45%
"Suu kiinni ja ole kaunis" Elina Kyllä
29%
Ehtoja vastaavia visoja ei löytynyt
Tulosjakauma
Jokaisen tuloksen saaneiden osuus
Persentiili vastausten määrän mukaan
Tuloshistoriasi
Et ole pelannut tätä visaa